| 000 | 00618nam a2200205 a 4500 | ||
|---|---|---|---|
| 001 | BRCA_2197 | ||
| 005 | 20190320203718.0 | ||
| 008 | 020805s1988----enka---###---#000-0#eng-d | ||
| 020 | _a1850760845 | ||
| 050 | 4 |
_aN6465.A7 _b.H37 1988 |
|
| 100 | 1 |
_aHardy, William _92271 |
|
| 245 | 1 | 0 |
_aA Guide to Art Nouveau Style _cWilliam Hardy. |
| 260 |
_aLondon _bThe Apple _c1988 |
||
| 300 |
_a128 p. _bil. a color _c29 cm. |
||
| 500 | _aIncluye índice de ilustraciones | ||
| 650 | 1 | 4 |
_aArte nouveau _92744 |
| 650 | 1 | 4 |
_aDecoración y ornamentación _xArt Nouveau _96624 |
| 650 | 1 | 4 |
_aArte moderno _ySiglo XX _91863 |
| 942 |
_2lcc _cB |
||
| 999 |
_c1953 _d1953 |
||